00197nam a2200085Ia 4500008004100000041000800041100002100049245003200070260000900102230508s1989 xx 000 0 und d aeng aMALI & CHOUDHARI aMECHANICAL TECHNOLOGY- S.Y. c1989